Counties by Letter: R - Statistics

General Stats
  • This quiz has been taken 45 times
  • The average score is 43 of 112
Answer Stats
State County % Correct
Utah Rich
100%
Georgia | New York | North Carolina | Virginia Richmond
83%
South Dakota | Texas Roberts
78%
Minnesota | Nebraska | Wisconsin Rock
72%
West Virginia Raleigh
67%
Nebraska Richardson
67%
Missouri Ray
61%
Tennessee Rhea
56%
Illinois | Louisiana | Montana | +4 others Richland
56%
California Riverside
56%
North Carolina | Tennessee Rutherford
56%
Louisiana | Texas Red River
50%
Minnesota Redwood
50%
Kentucky | Tennessee | Texas Robertson
50%
Texas Randall
44%
Alabama | Arkansas | Georgia | +5 others Randolph
44%
Oklahoma Rogers
44%
Vermont Rutland
44%
Kansas Rawlins
39%
Texas Reagan
39%
New Hampshire | North Carolina | Virginia Rockingham
39%
Ohio Ross
39%
Texas Rains
33%
Minnesota | North Dakota Ramsey
33%
Texas Reeves
33%
Kansas | Minnesota Rice
33%
Kansas Riley
33%
Virginia Roanoke
33%
North Carolina Robeson
33%
Virginia Rockbridge
33%
Illinois Rock Island
33%
New York Rockland
33%
Colorado Routt
33%
Texas | Wisconsin Rusk
33%
Alabama | Kansas | Kentucky | Virginia Russell
33%
Georgia Rabun
28%
Wisconsin Racine
28%
Texas Real
28%
Texas Refugio
28%
Kansas Reno
28%
Kansas Republic
28%
Georgia Rockdale
28%
Michigan Roscommon
28%
Montana Rosebud
28%
Kentucky | North Carolina Rowan
28%
Indiana | Kansas Rush
28%
Virginia Radford
22%
North Dakota Ransom
22%
Montana Ravalli
22%
Minnesota | North Dakota Renville
22%
Colorado Rio Grande
22%
Tennessee | West Virginia Roane
22%
North Dakota Rolette
22%
Montana | New Mexico Roosevelt
22%
Minnesota Roseau
22%
Louisiana Rapides
17%
Missouri Reynolds
17%
Iowa Ringgold
17%
New Mexico Rio Arriba
17%
West Virginia Ritchie
17%
Kentucky Rockcastle
17%
Texas Rockwall
17%
Oklahoma Roger Mills
17%
Texas Runnels
17%
Missouri Ralls
11%
Mississippi Rankin
11%
Minnesota Red Lake
11%
Nebraska Red Willow
11%
Colorado Rio Blanco
11%
Indiana | Missouri Ripley
11%
Kansas Rooks
11%
Virginia Rappahannock
6%
New York Rensselaer
6%
No matching quizzes found
Score Distribution
Percent of People with Each Score
Percentile by Number Answered
Your Score History
You have not taken this quiz